| 000 | 00561nam a2200193 a 4500 | ||
|---|---|---|---|
| 001 | 4373 | ||
| 005 | 20180713184244.0 | ||
| 008 | 140415s1990 000 0 spa d | ||
| 041 | _aspa | ||
| 082 |
_a616.8914 _bROG |
||
| 100 | 1 | _aROGERS, C. R. | |
| 245 | 1 | 3 |
_aEL PROCESO DE CONVERTIRSE EN PERSONA : _bMI TECNICA TERAPEUTICA |
| 260 |
_a[s.l.] : _bPAIDOS, _c1990 |
||
| 300 | _a348 | ||
| 490 |
_aPSIQUIATRIA, PSICOLOGIA Y PSICOSOMATICA _v48 |
||
| 504 | _aINCLUYE BIBLIOGRAFIA | ||
| 650 | 1 | 4 | _aPSICOTERAPIA |
| 700 | 1 |
_aWAINBERG, LILIANA R. _etr. |
|
| 999 |
_c4373 _d4373 |
||